International Communication : Media, Channels, Functions /

Guardado en:
Bibliografiske detaljer
Hovedforfatter: Fischer, Heinz-Dietrich (ed.)
Andre forfattere: Merrill, John Calhoun (edición) (edición), Bluem, William (introducción) (introducción)
Format: Bog
Sprog:engelsk
Udgivet: Nueva York, EUA : Hastings House, 1970, c1970
Serier:(Studies in Public Communication)
Fag:
Tags: Tilføj Tag
Ingen Tags, Vær først til at tagge denne postø!

MARC

LEADER 00000nam^a2200000^a^4500
001 000000123
005 20250521000000.0
009 20260310083015.77
037 |a Acervo ITESO - Biblioteca 
041 |a ING 
082 |a 322. 31  |b FIS 
100 |a Fischer, Heinz-Dietrich  |e (ed.) 
245 1 0 |a International Communication :  |b Media, Channels, Functions /  |c Ed. y pref. de H.D. Fischer, J.C. Merril ; introd. de W. Bluem. 
264 4 |a Nueva York, EUA :  |b Hastings House,  |c 1970, c1970 
300 |a XVIII, 508 p. 
336 |a texto  |b txt  |2 rdacontenido 
337 |a sin mediación  |b n  |2 rdamedio 
338 |a volumen  |b nc  |2 rdasoporte 
440 1 |a (Studies in Public Communication) 
649 |a XX 
650 |a Periodismo 
650 |a Medios de Comunicación 
650 |a Comunicación Masiva 
650 |a Libertad de Información 
650 |a Comunicación y Política 
650 |a Relaciones Internacionales 
650 |a Organizaciones Internacionales 
650 |a Comunicación Internacional -  |x Investigación 
700 |a Merrill, John Calhoun  |e (edición) 
700 |a Bluem, William  |e (introducción) 
910 |a Fondo General 
920 |a Impresos - Libros 
930 |a Colección General 
905 |a 101 
901 |a 0001230100  |b IT1  |c ACC  |i 000123  |u 20250521 
902 |a https://opac.biblio.iteso.mx/vufind/Record/000000123